| 000 | 00719nam a2200193Ia 4500 | ||
|---|---|---|---|
| 008 | 151121s9999||||xx |||||||||||||| ||und|| | ||
| 082 | _a831/वाजपे | ||
| 082 | _bHNW-69758 | ||
| 100 | _aवाजपेयी अटलबिहारी | ||
| 245 | _aमेरी इक्यावन कविताएँ | ||
| 260 | _bकिताबघर न। दिल्ली। | ||
| 260 | _c-- | ||
| 300 | _a167 | ||
| 600 | _aवाजपेयी अटलबिहारी | ||
| 630 | _aमेरी इक्यावन कविताएँ | ||
| 700 | _aवाजपेयी अटलबिहारी | ||
| 730 | _aमेरी इक्यावन कविताएँ | ||
| 942 | _cBOOK | ||
| 999 |
_c1251239 _d1251236 |
||